000 00291nam a22001217a 4500
082 _a200
_bDEH/W
100 _aDEHOFF, GEORGE W
245 _aWHY WE BELIEVE THE BIBLE
260 _aUNITED STATES
_bDEHOFF PUBLICATIONS
_c1944
300 _a119
650 _aRELIGIOUS
_zUNITED STATES
942 _cBK
999 _c5230
_d5230